Guess the artist by the song #1 - Statistics

General Stats
  • This quiz has been taken 213 times
  • The average score is 11 of 15
Answer Stats
Song Artist % Correct
Shape Of You Ed Sheeran
95%
Hello Adele
93%
Bad Romance Lady Gaga
93%
Hips Don’t Lie Shakira
92%
Single Ladies Beyoncé
90%
Blank Space Taylor Swift
89%
Sorry Justin Bieber
88%
Last Friday Night Katy Perry
88%
Diamonds Rihanna
88%
Anaconda Nicki Minaj
81%
Despacito Luis Fonsi/Daddy Yankee
69%
Break Free Ariana Grande
56%
Happier Marshmello
54%
Venom Eminem
48%
Who’s Laughing Now Jessie J
21%
No matching quizzes found
Score Distribution
Percent of People with Each Score
Percentile by Number Answered
Your Score History
You have not taken this quiz